| 000 | 03941nam a22004217a 4500 | ||
|---|---|---|---|
| 005 | 20111010093954.0 | ||
| 010 | _aENG-103911 B-464175-189 | ||
| 020 |
_a9780230322691 _c175.00 |
||
| 020 |
_a0230322697 _c175.00 |
||
| 035 | _aEN-87444 B-464175-189 | ||
| 037 | _bDBAD / PUB | ||
| 037 | _bAllied Pub/Ven | ||
| 082 | _a158.1 | ||
| 100 |
_aRoopleen _954698 |
||
| 245 |
_aPrinciples of success made easy : _cby Roopleen _b14 easy steps to climb the ladder of success / |
||
| 260 |
_aNew Delhi _bMacmillan Publishers _c2011 |
||
| 270 |
_a2/10, Ansari Road, Daryaganj _bNew Delhi _e110002 |
||
| 300 |
_axxvii,131p. _c22cm (pbk) |
||
| 700 | _924920 | ||
| 942 |
_2ddc _cEN _mROO _h158.1 |
||
| 999 |
_c57431 _d57431 |
||